Optical fiber communication systems / (Record no. 176010)

000 -LEADER
fixed length control field 00934 a2200229 4500
003 - CONTROL NUMBER IDENTIFIER
control field Nust
005 - DATE AND TIME OF LATEST TRANSACTION
control field 20170207152515.0
010 ## - LIBRARY OF CONGRESS CONTROL NUMBER
LC control number 96027860
020 ## - INTERNATIONAL STANDARD BOOK NUMBER
International Standard Book Number 0890067562 (alk. paper)
040 ## - CATALOGING SOURCE
Transcribing agency Nust
082 00 - DEWEY DECIMAL CLASSIFICATION NUMBER
Classification number 621.38275
100 1# - MAIN ENTRY--PERSONAL NAME
Personal name Kazovsky, Leonid G.
245 10 - TITLE STATEMENT
Title Optical fiber communication systems /
Statement of responsibility, etc. Leonid Kazovsky, Sergio Benedetto, Alan Willner.
260 ## - PUBLICATION, DISTRIBUTION, ETC.
Place of publication, distribution, etc. Boston :
Name of publisher, distributor, etc. Artech House,
Date of publication, distribution, etc. c1996.
300 ## - PHYSICAL DESCRIPTION
Extent xix, 690 p. :
Other physical details ill. ;
Accompanying material 24 cm.
440 #4 - SERIES STATEMENT/ADDED ENTRY--TITLE
Title The Artech House Optoelectronics library
505 ## - FORMATTED CONTENTS NOTE
Formatted contents note Basic Optical Fiber Communication Components (Page-1) The Communication Toolbox (Page-101)The Basic Binary Optical Communication System (Page-163) Coherent System (Page-263) Optical Amplifiers (Page-401)Solition Systems (Page-471)Multichannel Systems (Page-513)
538 ## - SYSTEM DETAILS NOTE
System details note Almirah No 26 Shelf No 6
650 #0 - SUBJECT ADDED ENTRY--TOPICAL TERM
Topical term or geographic name entry element Telecommunication engineering
700 1# - ADDED ENTRY--PERSONAL NAME
Personal name Benedetto, Sergio.
700 1# - ADDED ENTRY--PERSONAL NAME
Personal name Willner, Alan E.
942 ## - ADDED ENTRY ELEMENTS (KOHA)
Koha item type Reference
Holdings
Withdrawn status Lost status Source of classification or shelving scheme Damaged status Not for loan Collection code Permanent Location Current Location Date acquired Total Checkouts Full call number Barcode Date last seen Price effective from Koha item type
            Military College of Signals (MCS) Military College of Signals (MCS) 12/12/2016   621.38275 KAZ MCS27262 12/08/2016 12/12/2016 Book
© 2023 Central Library, National University of Sciences and Technology. All Rights Reserved.